|
|
|
|
| LEADER |
00694cam a2200205 7i4500 |
| 001 |
0000081646 |
| 005 |
20240220090000.0 |
| 020 |
|
|
|a 9789834618407 (paperback)
|
| 090 |
0 |
0 |
|a PL5065
|b .S23 2015
|
| 100 |
0 |
|
|a Sabariah Hassan
|
| 245 |
1 |
0 |
|a Bahasa Melayu :
|b komunikasi perundangan
|c Sabariah Hassan, Kamaruddin P. Mohd.
|
| 264 |
|
|
|a Kuala Lumpur:
|b Dewan Bahasa dan Pustaka,
|c 2015.
|
| 300 |
|
|
|a xvi, 351 pages;
|c 22 cm.
|
| 336 |
|
|
|a text
|2 rdacontent
|
| 337 |
|
|
|a unmediated
|2 rdamedia
|
| 338 |
|
|
|a volume
|2 rdacarrier
|
| 500 |
|
|
|a Gift: Dewan Bahasa dan Pustaka
|
| 650 |
|
0 |
|a Malay language --
|x Usage
|
| 700 |
0 |
|
|a Kamaruddin P. Mohd.
|
| 999 |
|
|
|a 0000070810
|b BOK
|c OPEN SHELF
|e 1st Floor, Bestari Jaya
|